000 00770nam a2200217Ia 4500
001 415
003 GE_BSU
008 181216s||||||||xx |||||||||||||| ||und||
040 _cGE_BSU
080 _a82-95(075.8)
100 _aნიკოლეიშვილი, ავთანდილ
245 _aდავით წერეთელი (სხვიტორელი)
245 _cრედ. ჭეიშვილი რეზო
260 _aქუთაისი
260 _bაკაკი წერეთლის სახ. უნ-ტის გამომცემლობა
260 _c2011
300 _a170 გვ.
541 _h6 ლ.
653 _aდავით წერეთელი (სხვიტორელი)
942 _cBK
999 _c34645
_d34645